Metodologia del diseno de los tratamientos superficiales.

Na minha lista:
Detalhes bibliográficos
Autor principal: Perera Garcia, Victor Manuel
Formato: Tese Livro
Idioma:Undetermined
Publicado em: 1987
Assuntos:
Tags: Adicionar Tag
Sem tags, seja o primeiro a adicionar uma tag!

MARC

LEADER 00000nam a2200000Ia 4500
001 4178
008 140114s9999 xx 000 0 und d
100 |a Perera Garcia, Victor Manuel 
245 |a Metodologia del diseno de los tratamientos superficiales. 
260 |c 1987 
500 |a NULL 
502 |a Escuela de ingenieria Civil 
650 |z TRATAMIENTOS SUPERFICIALES 
999 |c 11751  |d 11751